Euskal-Kantak. (Record no. 189478)
[ view plain ]
| 000 -LEADER | |
|---|---|
| campo de control de longitud fija | 00495nam a2200169 i 4500 |
| 001 - NÚMERO DE CONTROL | |
| campo de control | 189478 |
| 003 - IDENTIFICADOR DE NÚMERO DE CONTROL | |
| campo de control | SpMaBN |
| 005 - FECHA Y HORA DE LA ÚLTIMA TRANSACCIÓN | |
| campo de control | 20230906223501.0 |
| 008 - DATOS DE LONGITUD FIJA--INFORMACIÓN GENERAL | |
| campo de control de longitud fija | 190604s1959 sp g |||| | baq d |
| 080 ## - NÚMERO DE LA CLASIFICACIÓN DECIMAL UNIVERSAL | |
| Número de la Clasificación Decimal Universal | 891.69-192"19" |
| 245 00 - MENCIÓN DEL TÍTULO | |
| Título | Euskal-Kantak. |
| 260 ## - PUBLICACIÓN, DISTRIBUCIÓN, ETC. | |
| Lugar de publicación, distribución, etc. | Bilbao : |
| Nombre del editor, distribuidor, etc. | Euskaltzaindiaren ardurapean : |
| -- | Vizcaina, |
| Fecha de publicación, distribución, etc. | 1959. |
| 300 ## - DESCRIPCIÓN FÍSICA | |
| Extensión | 23 p. : |
| Otras características físicas | música ; |
| Dimensiones | 23 cm. |
| 650 #4 - PUNTO DE ACCESO ADICIONAL DE MATERIA--TÉRMINO DE MATERIA | |
| Término de materia o nombre geográfico como elemento de entrada | Canciones vascas. |
| 9 (RLIN) | 167240 |
| 650 #4 - PUNTO DE ACCESO ADICIONAL DE MATERIA--TÉRMINO DE MATERIA | |
| Término de materia o nombre geográfico como elemento de entrada | Música popular- |
| Subdivisión geográfica | País Vasco. |
| 9 (RLIN) | 151518 |
| 852 ## - LOCALIZACIÓN | |
| Ubicación | ES-MaACL |
| Número de control de estantería | 2340-F-28 |
| Estatus retirado | Estado de pérdida | Estado de daño | No para préstamo | Colección | Biblioteca de origen | Biblioteca actual | Ubicación en estantería | Fecha de adquisición | Fuente de adquisición | Total de préstamos | Signatura topográfica completa | Código de barras | Visto por última vez | Precio de reemplazo | Tipo de ítem Koha |
|---|---|---|---|---|---|---|---|---|---|---|---|---|---|---|---|
| Colección de folletos | Biblioteca del Ateneo de Madrid | Biblioteca del Ateneo de Madrid | Depósito folletos | 04/06/2019 | 2340-F-28 | 1200763 | 23/02/2023 | 23/02/2023 | Folleto |
